Non-standard spatial statistics and spatial econometrics

Saved in:
Bibliographic Details
Main Author: Griffith, Daniel A.
Other Authors: Paelinck, Jean H. P.
Format: Book
Language:English
Published: Berlin Springer 2011
Series:Advances in geographic information science
Subjects:
Tags: Add Tag
No Tags, Be the first to tag this record!

MARC

LEADER 00000nam a2200000 4500
001 0169844
005 20250225121447.4
020 |a 978-3-642-16043-1 
022 |a 1867-2442 
041 0 |a eng 
044 |a DE 
245 1 0 |a Non-standard spatial statistics and spatial econometrics  |c Daniel A. Griffith, Jean H. P. Paelinck 
264 1 |a Berlin  |b Springer  |c 2011 
300 |a online [xxxv, 262 p.] 
490 1 |a Advances in geographic information science 
830 0 |a Advances in geographic information science 
500 |a EBSCO e-books Economics Collection 2012 
610 2 0 |a ekonometria 
610 2 0 |a štatistika 
610 2 0 |a pravdepodobnosť 
610 2 0 |a modely 
100 1 |a Griffith, Daniel A. 
700 1 |a Paelinck, Jean H. P.